00915 2200301 4500001002100000005001500021035002500036090002100061245008700082250004600169260004100215300003100256008004100287020001800328040001700346082001200363084001400375100005500389650002000444850001200464999002100476007000300497041001300500546005500513990001400568990001000582990002100592YOGYA00000000003549520211230020009 a0010-081400000035213 aCB-D.11 2002-49710aPengakuan Pariyem :bdunia batin seorang wanita Jawa /cpenulis, Linus Suryadi Ag. aEdisi kedua, Cetakan keenam, Januari 20023 aYogyakarta :bPustaka Pelajar,c2002 axiii, 325 halaman ;c21 cm130822s19992002yoi g 1 ind d a979-9075-95-5 aYOPDYOGbind04222a813 a813 Lin P0 aLinus Suryadi Ag.,d1951-qLinus Suryadi Agustinus 4aFiksi Indonesia aYOPDYOG aCB-D.11/2002-497ta0 aindgjav aTeks terdiri dari Bahasa Indonesia dan Bahasa Jawa a1457-PK/B a146-P aCB-D.11/2002-497